000 00746nam a2200229 a 4500
999 _c10617
_d10617
001 10617
003 BD-JhCC
005 20180729113917.0
008 180729s20162008bg |||| |||| 000 0 mul d
035 _a(BD-JhCC)10617
040 _aBD-JhCC
_dBD-JhCC
041 _aben an Arabic
082 _a297.38
_bMAW 2016
100 _aমাওলা, মুহাম্মদ গোলাম
245 _aনামাযে কিভাবে মনোযোগী হবেন /
_cমুহাম্মদ গোলাম মাওলা,
260 _aঢাকা :
_bআহসান,
_c২০১৬.
300 _a৪৮ পৃ. :
_c২০ সেমি.
650 _aPillar of Islam
650 _aNamaj
650 _aSalat
942 _2ddc
_cBK